Stopy v snehu

Bibliographic Details
Other Authors: Grúňová, Alexandra (Producer), Stano, Eduard (Producer), Mitáč, Ján, 1983- (Producer), Moravský, Lukáš (Animator), Zrebný, Slavomír (Videographer, Scenarist, Director, Film editor), Straka, Lukáš (Videographer), Široký, Matúš (Musician), Borovský, Branislav (Actor)
Format: Video DVD
Language:Slovak
English
German
Polish
Spanish
PhysicalDescription:1 videodisk (DVD) (52 min.) fareb., zvuk. 12 cm
Published: Bratislava Ústav pamäti národa 2015
Subjects:

MARC

LEADER 00000cgm a2200000 a 4500
001 vtls011533108
003 SK-MaSNL
005 20260301220123.0
007 vd cvaizu
008 251201s2016 xo 052 g s vlslo
024 3 |a 8588004712126 
028 4 2 |a 01315  |b SFUAD 
040 |a SNK  |b slo  |c SNK  |e AACR2 
041 1 |a slo  |h eng  |j eng  |j ger  |j pol  |j spa 
043 |a e-cs--- 
044 |a xo  |c SK 
072 7 |a 94(437)  |x Dejiny Československa  |2 konspekt 
072 7 |a 339  |x Obchod  |2 konspekt 
072 7 |a 82  |x Literatúra. Literárny život  |2 konspekt 
080 |a (0.034.44)  |2 2001 
080 |a (084.122)791.229.2  |2 2001 
080 |a (086.8)  |2 2001 
080 |a 098.1  |2 2011 
080 |a 339.194  |2 2001 
080 |a (437)  |2 2001 
080 |a 94(437)  |2 2011 
245 0 0 |a Stopy v snehu  |h videozáznam 
246 3 1 |a Footprints in the snow  |h videozáznam 
260 |a Bratislava  |b Ústav pamäti národa  |c 2015 
300 |a 1 videodisk (DVD) (52 min.)  |b fareb., zvuk.  |c 12 cm 
306 |a 005200 
500 |a Obsahuje bonusy ; školská verzia má 27 min.; verzia pre nepočujúcich 
508 |a Tvorcovia: Produkcia: Alexandra Grúňová, Eduard Stano, Ján Mitáč ; zvuk: Juraj Baláž, Štefan Badura ; animácie: Lukáš Moravský ; kamera: Slavomír Zrebný, Lukáš Straka ; hudba: Matúš Široký ; scenár, réžia, strih: Slavomír Zrebný 
511 1 |a Hrajú: Branislav Borovský ... [et al.] 
546 |a Titulky angl., nem., špan., poľ. 
546 |a Súbež. názov slov., angl. 
648 7 |a 1983  |2 SNKPH  |9 353517 
650 0 7 |a zakázané knihy  |2 SNKPH  |9 73253 
650 0 7 |a nelegálny obchod  |2 SNKPH  |9 72993 
650 0 7 |a Prohibited books  |2 SNKPHeng  |9 304955 
650 0 7 |a Illegal forms of trade  |2 SNKPHeng  |9 466792 
650 0 7 |a pašovanie kníh  |2 SVKBBPH  |9 606849 
651 7 |a Československo  |x dejiny  |2 SNKPH  |9 161432 
651 7 |a Czechoslovakia  |x History  |2 SNKPHeng  |9 125910 
655 7 |a DVD  |2 SNKPH  |9 70751 
655 7 |a dokumentárne filmy  |2 SNKPH  |9 104580 
655 7 |a DVD  |2 SNKPHeng  |9 70751 
655 7 |a Documentary films  |2 SNKPHeng  |9 325357 
655 7 |a videozáznamy  |2 SNKPH  |9 70692 
655 7 |a Video recordings  |2 SNKPHeng  |9 416495 
700 1 |a Grúňová, Alexandra  |4 pro  |9 606850 
700 1 |a Stano, Eduard  |4 pro  |9 275321 
700 1 |a Mitáč, Ján,  |d 1983-  |4 pro  |9 333828 
700 1 |a Baláž, Juraj  |4 rce  |9 335320 
700 1 |a Badura, Štefan  |4 rce  |9 345434 
700 1 |a Moravský, Lukáš  |4 anm  |9 356844 
700 1 |a Zrebný, Slavomír  |4 vdg  |9 606851 
700 1 |a Straka, Lukáš  |4 vdg  |9 606852 
700 1 |a Široký, Matúš  |4 mus  |9 606853 
700 1 |a Zrebný, Slavomír  |4 sce  |4 drt  |4 flm  |9 606851 
700 1 |a Borovský, Branislav  |4 act  |9 531407 
852 |a Štátna vedecká knižnica v Banskej Bystrici 
999 |c 930685  |d 932615 
952 |a SNK  |b SNK  |y PREZ  |7 0  |p 17A1182191  |o snkSDVD 1969  |i snk2016/6554  |8 0  |0 0  |1 0  |4 0  |d 2016-03-07  |l 0  |r 2026-02-24 08:47:07  |w 2026-02-24